000 00444nam a22001577a 4500
005 20240109160351.0
008 190604b xxu||||| |||| 00| 0 eng d
020 _a978-81-85790-19-0
041 _aeng
100 _aBHISE, DR.S.B. AND YADAV, DR.A.V.
_96998
245 _aHEALTH EDUCATION AND COMMUNITY PHARMACY: first year diploma in pharmacy
250 _a17th ED. 2019
260 _aPUNE
_bNIRALI PRAKASHAN
300 _a166p,
942 _cBK
999 _c5933
_d5931